[Event "Punta del Este Alekhiine op 1st"]
[Site "Punta del Este"]
[Date "2024.03.09"]
[Round "3"]
[White "Saragossi, Guido"]
[Black "Recine, Leonel"]
[Result "1/2-1/2"]
[WhiteElo "1768"]
[BlackElo "1887"]
[PlyCount "47"]
[EventDate "2024.03.08"]
[EventType "swiss"]
[EventRounds "5"]
[EventCountry "URU"]
[SourceTitle "CB13_2024"]
[SourceDate "2024.03.27"]
[SourceVersion "1"]
[SourceVersionDate "2024.03.27"]
[SourceQuality "1"]

1. e4 Nf6 2. e5 Nd5 3. d4 d6 4. c4 Nb6 5. exd6 cxd6 6. Nc3 g6 7. Be3 Bg7 8. Rc1 Nc6 9. Be2 0-0 10. b3 f5 11. f4 Nd7 12. d5 Nb4 13. a3 Na6 14. b4 Nc7 15. Nf3 a5 16. Qb3 Nf6 17. 0-0 Ng4 18. Bb6 Qd7 19. h3 axb4 20. axb4 Nf6 21. c5 Kh8 22. Rfd1 Nh5 23. Qc4 dxc5 24. bxc5 1/2-1/2

[Event "Colonia del Sacramento op 3rd"]
[Site "Colonia del Sacramento"]
[Date "2022.05.22"]
[Round "?"]
[White "Escofet Fernandez, Jaime"]
[Black "Saragossi, Guido"]
[Result "1/2-1/2"]
[WhiteElo "1954"]
[BlackElo "1626"]
[PlyCount "40"]
[EventDate "2022.05.20"]
[EventType "swiss"]
[EventRounds "5"]
[EventCountry "URU"]
[SourceTitle "CBM 208 Extra"]
[Source "ChessBase"]
[SourceDate "2022.07.31"]
[SourceVersion "1"]
[SourceVersionDate "2022.07.31"]
[SourceQuality "1"]

1. e4 e5 2. Nf3 Nf6 3. Nxe5 d6 4. Nf3 Nxe4 5. Nc3 Nxc3 6. dxc3 Be7 7. Bf4 Nc6 8. Qd2 Be6 9. Bd3 Qd7 10. a3 h6 11. 0-0-0 0-0-0 12. Kb1 a6 13. Nd4 Nxd4 14. cxd4 Qa4 15. Qb4 Qxb4 16. axb4 Bf6 17. c3 Bb3 18. Bf5+ Kb8 19. Rde1 Rhe8 20. Kc1 Ba4 1/2-1/2

[Event "Montevideo Trebejos op 09"]
[Site "Montevideo"]
[Date "2021.09.12"]
[Round "5"]
[White "Saragossi, Guido"]
[Black "Moreno, Nelson"]
[Result "0-1"]
[WhiteElo "1631"]
[BlackElo "1675"]
[PlyCount "108"]
[EventDate "2021.09.10"]
[EventType "swiss"]
[EventRounds "5"]
[EventCountry "URU"]
[SourceTitle "CBM 204 Extra"]
[Source "ChessBase"]
[SourceDate "2021.11.30"]
[SourceVersion "1"]
[SourceVersionDate "2021.11.30"]
[SourceQuality "1"]

1. e4 e5 2. Nc3 Nc6 3. Bc4 Nf6 4. d3 Be7 5. a3 d6 6. Nge2 0-0 7. 0-0 a6 8. f4 Bd7 9. f5 Na5 10. Ba2 c5 11. Ng3 b5 12. Nh5 Bc6 13. Qf3 c4 14. b4 cxb3 15. cxb3 b4 16. axb4 Qb6+ 17. Be3 Qxb4 18. Nd5 Bxd5 19. exd5 Nxh5 20. Qxh5 Bf6 21. Bg5 Bxg5 22. Qxg5 f6 23. Qe3 Nxb3 24. Bxb3 Qxb3 25. Rfb1 Qxd5 26. Rb6 a5 27. Rab1 Qc5 28. Qxc5 dxc5 29. Rc6 Rfc8 30. Rxc8+ Rxc8 31. Ra1 c4 32. dxc4 Rxc4 33. Rxa5 Rc7 34. Kf2 Kf7 35. g4 Ke7 36. Ra4 Kd6 37. Ra5 g6 38. fxg6 hxg6 39. Ra6+ Rc6 40. Ra5 Ke6 41. Kg3 f5 42. h3 f4+ 43. Kf3 g5 44. Ke4 Rc4+ 45. Kd3 Rd4+ 46. Ke2 Re4+ 47. Kf2 Re3 48. Ra6+ Kf7 49. Kg2 Rg3+ 50. Kh2 e4 51. Ra1 Rd3 52. Re1 e3 53. Kg2 Rd2+ 54. Kg1 Ke6 0-1

[Event "Montevideo Trebejos op 09"]
[Site "Montevideo"]
[Date "2021.09.11"]
[Round "2"]
[White "Saragossi, Guido"]
[Black "Moreno, Diego"]
[Result "0-1"]
[WhiteElo "1631"]
[BlackElo "1600"]
[PlyCount "42"]
[EventDate "2021.09.10"]
[EventType "swiss"]
[EventRounds "5"]
[EventCountry "URU"]
[SourceTitle "CBM 204 Extra"]
[Source "ChessBase"]
[SourceDate "2021.11.30"]
[SourceVersion "1"]
[SourceVersionDate "2021.11.30"]
[SourceQuality "1"]

1. e4 d6 2. d4 Nf6 3. Nc3 e5 4. dxe5 dxe5 5. Qxd8+ Kxd8 6. Bg5 Be6 7. 0-0-0+ Kc8 8. f4 exf4 9. Be2 Bc5 10. Bxf6 gxf6 11. Nd5 Nd7 12. Kb1 Bd6 13. Nh3 Rg8 14. Ndxf4 Bxh3 15. Nxh3 Rxg2 16. Bf3 Rg6 17. Bh5 Rh6 18. Bxf7 Rxh3 19. Rdg1 Nf8 20. Bb3 Rxh2 21. Rxh2 Bxh2 0-1

[Event "Villa Ballester de Invierno op 8th"]
[Site "Villa Ballester"]
[Date "2008.08.18"]
[Round "3"]
[White "Saragossi, Guido"]
[Black "Jungblut, Jose"]
[Result "1/2-1/2"]
[WhiteElo "1836"]
[BlackElo "2093"]
[PlyCount "77"]
[EventDate "2008.08.16"]
[EventType "swiss"]
[EventRounds "7"]
[EventCountry "ARG"]
[SourceTitle "CBM 126 Extra"]
[Source "ChessBase"]
[SourceDate "2008.11.05"]
[SourceVersion "1"]
[SourceVersionDate "2008.11.05"]
[SourceQuality "1"]

1. e4 e5 2. Nf3 Nc6 3. d4 exd4 4. Nxd4 Nf6 5. Nxc6 bxc6 6. e5 Nd5 7. c4 Nb6 8. Bd3 d5 9. exd6 cxd6 10. 0-0 Be7 11. Qc2 h6 12. Nc3 0-0 13. b3 Bf6 14. Bb2 Be6 15. Rad1 Qc7 16. Rfe1 Rfe8 17. Ne4 Bxb2 18. Qxb2 Nd7 19. Nxd6 Rad8 20. Bf5 Nf8 21. Bxe6 Nxe6 22. Nf5 Rxd1 23. Rxd1 Rd8 24. Rxd8+ Qxd8 25. Qc2 Qf6 26. g3 c5 27. Kg2 h5 28. Qe4 g6 29. Ne3 Kg7 30. Qb7 Nd4 31. h4 a5 32. Qe4 Qd6 33. Nd5 Ne6 34. f4 Nd4 35. Kf2 Kf8 36. Ke3 Nf5+ 37. Kf2 Nd4 38. Ke3 Nf5+ 39. Kf2 1/2-1/2

[Event "Villa Martelli Rubinstein Memorial"]
[Site "Villa Martelli"]
[Date "2008.08.05"]
[Round "8.17"]
[White "Abate, Tomas"]
[Black "Saragossi, Guido"]
[Result "0-1"]
[WhiteElo "1616"]
[BlackElo "1836"]
[PlyCount "59"]
[EventDate "2008.07.29"]
[EventType "swiss"]
[EventRounds "9"]
[EventCountry "ARG"]
[SourceTitle "EXT 2024"]
[Source "ChessBase"]
[SourceDate "2023.10.10"]
[SourceVersion "1"]
[SourceVersionDate "2023.10.10"]
[SourceQuality "1"]

1. d4 d5 2. c4 e6 3. Nc3 Be7 4. Nf3 Nf6 5. e3 0-0 6. cxd5 exd5 7. Bd3 c6 8. 0-0 Re8 9. a3 a5 10. Qc2 Nbd7 11. Bd2 Nf8 12. Rac1 Bd6 13. Rfe1 Bg4 14. Be2 Qd7 15. Na4 Qc7 16. h3 Bh5 17. Nc3 Qe7 18. Nh4 Bxe2 19. Nxe2 Ne4 20. Nf5 Qf6 21. Nxd6 Qxf2+ 22. Kh1 Nxd6 23. b3 Ne4 24. Bc3 Ng6 25. Rf1 Qxe2 26. Qxe2 Ng3+ 27. Kh2 Nxe2 28. Rc2 Rxe3 29. Rf3 Rxf3 30. gxf3 0-1

[Event "Los Polvorines Silvestri Memorial"]
[Site "Los Polvorines"]
[Date "2008.04.09"]
[Round "6.6"]
[White "Rivero, Raul"]
[Black "Saragossi, Guido"]
[Result "1-0"]
[WhiteElo "1882"]
[BlackElo "1885"]
[PlyCount "69"]
[EventDate "2008.04.02"]
[EventType "swiss"]
[EventRounds "7"]
[EventCountry "ARG"]
[SourceTitle "EXT 2019"]
[Source "ChessBase"]
[SourceDate "2018.10.10"]
[SourceVersion "1"]
[SourceVersionDate "2018.10.10"]
[SourceQuality "1"]

1. e4 e5 2. Nf3 Nc6 3. Bb5 Nf6 4. d3 Bc5 5. 0-0 Nd4 6. Nxd4 Bxd4 7. c3 Bb6 8. Bg5 c6 9. Bc4 d5 10. exd5 cxd5 11. Bb3 Be6 12. Qf3 0-0 13. Nd2 a5 14. Rfe1 a4 15. Bc2 Bc7 16. Qd1 Qd7 17. Nf3 Bg4 18. h3 Bh5 19. g4 Nxg4 20. Nxe5 Bxe5 21. hxg4 Bxg4 22. f3 Bh5 23. Rxe5 f6 24. Bxf6 Rxf6 25. Rxh5 g6 26. Rh2 Raf8 27. Bxa4 b5 28. Bb3 Rxf3 29. Qd2 Rg3+ 30. Kh1 Qf5 31. Qe2 Rxd3 32. Rd1 Rxd1+ 33. Qxd1 Qe4+ 34. Rg2 Qh4+ 35. Kg1 1-0

[Event "Los Polvorines Silvestri Memorial"]
[Site "Los Polvorines"]
[Date "2008.04.08"]
[Round "5.5"]
[White "Saragossi, Guido"]
[Black "Codigone, Maximiliano"]
[Result "1-0"]
[WhiteElo "1885"]
[BlackElo "1807"]
[PlyCount "92"]
[EventDate "2008.04.02"]
[EventType "swiss"]
[EventRounds "7"]
[EventCountry "ARG"]
[SourceTitle "EXT 2019"]
[Source "ChessBase"]
[SourceDate "2018.10.10"]
[SourceVersion "1"]
[SourceVersionDate "2018.10.10"]
[SourceQuality "1"]

1. e4 e5 2. Nf3 Nc6 3. d4 exd4 4. Nxd4 Qh4 5. Nc3 Bb4 6. Ndb5 Ba5 7. Bd2 a6 8. Na3 Bb6 9. g3 Qf6 10. f4 Qd4 11. Qf3 Nge7 12. Nc4 Nb4 13. 0-0-0 Qf2 14. Qxf2 Bxf2 15. Be3 Bxe3+ 16. Nxe3 0-0 17. a3 Nbc6 18. Ncd5 Nxd5 19. Nxd5 b5 20. Nxc7 Ra7 21. Nd5 Re8 22. Nb6 Rb7 23. Nxc8 Rxc8 24. Bh3 Nb8 25. Rd6 Kf8 26. Rhd1 Ke7 27. e5 a5 28. R1d4 b4 29. axb4 axb4 30. Bf5 g6 31. Be4 Rb5 32. Bd3 Rb7 33. Rc4 Nc6 34. Be4 Ra8 35. Kb1 Rba7 36. Kc1 Ra1+ 37. Kd2 b3 38. cxb3 Na5 39. Rc3 Rb8 40. Bd5 Rb5 41. Kc2 Rf1 42. Rc7 Rf2+ 43. Kc3 Rxd5 44. Rcxd7+ Kf8 45. Rxd5 Nc6 46. Rc7 Rc2+ 1-0

[Event "Los Polvorines Silvestri Memorial"]
[Site "Los Polvorines"]
[Date "2008.04.04"]
[Round "3.3"]
[White "Saragossi, Guido"]
[Black "Florentin, David"]
[Result "0-1"]
[WhiteElo "1885"]
[BlackElo "2052"]
[PlyCount "39"]
[EventDate "2008.04.02"]
[EventType "swiss"]
[EventRounds "7"]
[EventCountry "ARG"]
[SourceTitle "EXT 2019"]
[Source "ChessBase"]
[SourceDate "2018.10.10"]
[SourceVersion "1"]
[SourceVersionDate "2018.10.10"]
[SourceQuality "1"]

1. e4 e5 2. Nf3 Nc6 3. d4 exd4 4. Nxd4 Qh4 5. Nc3 Bb4 6. Ndb5 Ba5 7. Bd2 a6 8. Na3 Bxc3 9. Bxc3 Qxe4+ 10. Be2 Nf6 11. 0-0 0-0 12. Re1 d6 13. Bxa6 Qf4 14. Bd3 Ng4 15. Qf3 Qxh2+ 16. Kf1 Nce5 17. Bxe5 Nxe5 18. Qe4 Nxd3 19. Qxd3 Bd7 20. g3 0-1